[Event "Superettan(Burgsvik-Orgryte)"]
[Site "?"]
[Date "2016.10.15"]
[Round "2"]
[White "Linusson, Pelle"]
[Black "Subramanian, Aditya"]
[Result "1/2-1/2"]
[WhiteElo "2261"]
[BlackElo "2041"]
[PlyCount "83"]
1. Nf3 Nf6 2. c4 e6 3. g3 d5 4. Bg2 Be7 5. O-O O-O 6. b3 c5 7. e3 Nc6 8. Bb2
Bd7 9. Qe2 Rc8 10. Nc3 dxc4 11. bxc4 Qc7 12. Ne1 a6 13. f4 Na5 14. Rb1 Bc6 15.
Nf3 Rfd8 16. Rfd1 Ne8 17. a4 Bf6 18. d3 h6 19. e4 Bd4+ 20. Kh1 b6 21. Ba1 Rb8
22. Qe1 Qd7 23. Rd2 Bf6 24. h4 Nc7 25. g4 Bxc3 26. Bxc3 Bxa4 27. Rdb2 Nc6 28.
Rxb6 Rxb6 29. Rxb6 Qxd3 30. Ne5 Nxe5 31. Bxe5 Qc2 32. Kh2 Ne8 33. Qc3 Qe2 34.
Qf3 Qxc4 35. g5 Bd1 36. Qf2 h5 37. Rc6 Qe2 38. Qxe2 Bxe2 39. Rxc5 f6 40. gxf6
Nxf6 41. Bxf6 gxf6 42. Bh3 1/2-1/2

[Event "Superettan(Horndal-Schack 08)"]
[Site "?"]
[Date "2016.10.15"]
[Round "2"]
[White "Schutz, Ingemar"]
[Black "Kallstrom, Magnus"]
[Result "1/2-1/2"]
[WhiteElo "2216"]
[BlackElo "1908"]
[PlyCount "70"]
1. e4 e6 2. d4 d5 3. Nc3 Nf6 4. Bg5 Bb4 5. e5 h6 6. Bd2 Bxc3 7. bxc3 Ne4 8. Qg4
g6 9. Bc1 Nxc3 10. Bd3 Na4 11. Ne2 c5 12. c3 Nc6 13. O-O cxd4 14. cxd4 Qe7 15.
Bb5 Nb6 16. a4 Bd7 17. a5 Nc4 18. Bxc4 dxc4 19. Nc3 h5 20. Qe4 f5 21. exf6 Qxf6
22. Nd5 Qf5 23. Nc7+ Kf7 24. Qxf5+ gxf5 25. Nxa8 Rxa8 26. Be3 Ne7 27. Rfc1 Bb5
28. Rab1 a6 29. g3 Nc6 30. Ra1 Rd8 31. Rd1 Rd7 32. Kg2 Nb4 33. Rdc1 Nc6 34. Rd1
Nb4 35. Rdc1 Nc6 1/2-1/2

[Event "Superettan(Upsala-Vaxjo)"]
[Site "?"]
[Date "2016.10.15"]
[Round "2"]
[White "Svensson, Mans"]
[Black "Gonzalez, Emilio"]
[Result "1/2-1/2"]
[WhiteElo "2165"]
[BlackElo "1888"]
[PlyCount "76"]
1. d4 Nf6 2. c4 e6 3. Nc3 Bb4 4. Nf3 O-O 5. g3 c5 6. Bg2 d5 7. cxd5 exd5 8. O-O
Nc6 9. Bg5 Bxc3 10. bxc3 h6 11. Bf4 c4 12. Rb1 Ne4 13. Qc2 Qa5 14. Rfc1 b5 15.
Nd2 Nxd2 16. Bxd2 Ne7 17. e4 Bb7 18. a4 a6 19. Bf4 Rfe8 20. axb5 axb5 21. Bd6
dxe4 22. Bxe4 Bxe4 23. Qxe4 Qa2 24. Bxe7 Ra7 25. Ra1 Qxa1 26. Rxa1 Rxa1+ 27.
Kg2 Ra7 28. Qc6 Rexe7 29. Qxb5 Rac7 30. d5 Rc8 31. d6 Ra7 32. Qb6 Rd7 33. Qa6
Rcd8 34. Qxc4 Rxd6 35. Qc7 R6d7 36. Qc5 Rd5 37. Qc7 R5d7 38. Qc5 Rd5 1/2-1/2

[Event "Superettan(Horndal-Schack 08)"]
[Site "?"]
[Date "2016.10.15"]
[Round "2"]
[White "Eriksson, Magnus"]
[Black "Nyander, Joakim"]
[Result "0-1"]
[WhiteElo "2033"]
[BlackElo "2211"]
[PlyCount "86"]
1. d4 e6 2. c4 a6 3. Nf3 Nf6 4. Nc3 c5 5. e4 cxd4 6. Nxd4 Qc7 7. Nc2 b6 8. Qe2
d6 9. g3 Bb7 10. Bg2 Nbd7 11. Bd2 Be7 12. O-O O-O 13. Rac1 Rfe8 14. Nd4 Rac8
15. b3 Qb8 16. Be3 Bf8 17. Rfd1 Qa8 18. Bg5 h6 19. Bd2 Qb8 20. Re1 Nc5 21. g4
Nh7 22. h4 Be7 23. g5 hxg5 24. hxg5 Nxg5 25. Qg4 Nh7 26. Re3 Bf6 27. Rh3 g6 28.
Nce2 Nd7 29. f4 Bg7 30. Rcc3 Nhf6 31. Qh4 Bxe4 32. Rce3 Bxg2 33. Kxg2 Rc5 34.
Ng3 Nh5 35. Nf3 Ndf6 36. Ng5 d5 37. Nxh5 Nxh5 38. Re2 dxc4 39. Ne4 Rf5 40. Rf3
cxb3 41. axb3 e5 42. Qe1 exf4 43. Bb4 Rfe5 0-1

[Event "Superettan(Upsala-Vaxjo)"]
[Site "?"]
[Date "2016.10.15"]
[Round "2"]
[White "Ottosson, Bjorn"]
[Black "Cardenas, William"]
[Result "0-1"]
[WhiteElo "1727"]
[BlackElo "2000"]
[PlyCount "70"]
1. c4 e6 2. Nc3 d5 3. cxd5 exd5 4. d4 c6 5. Nf3 Bd6 6. g3 Nf6 7. Bg2 O-O 8. O-O
Re8 9. Qc2 Na6 10. a3 Nc7 11. Re1 Qe7 12. Bg5 h6 13. Bxf6 Qxf6 14. e4 dxe4 15.
Nxe4 Qd8 16. Nxd6 Rxe1+ 17. Rxe1 Qxd6 18. Qc5 Qxc5 19. dxc5 Be6 20. Rd1 a5 21.
Bf1 a4 22. Rd4 Bd5 23. Ne5 Ne6 24. Rd2 Nxc5 25. Bc4 Re8 26. Bxd5 Rxe5 27. Bc4
g6 28. Rd6 Kg7 29. f3 Re1+ 30. Kf2 Rc1 31. Be2 Rc2 32. Rd4 b5 33. Rd6 Nb3 34.
Ke3 Rxb2 35. Rxc6 Rxe2+ 0-1

[Event "Superettan(Kamraterna-Rockaden,SthlmII)"]
[Site "?"]
[Date "2016.10.15"]
[Round "2"]
[White "Tuomainen, Felix"]
[Black "Svenn, Gosta"]
[Result "0-1"]
[WhiteElo "2150"]
[BlackElo "2317"]
[PlyCount "58"]
1. d4 d5 2. c4 e6 3. cxd5 exd5 4. Nc3 Bb4 5. Bf4 Nf6 6. e3 O-O 7. Qc2 c5 8. Nf3
Nc6 9. dxc5 d4 10. a3 Bxc5 11. exd4 Nxd4 12. Nxd4 Qxd4 13. Be3 Qe5 14. Nd1 Bxe3
15. Nxe3 Nd5 16. Qd2 Nxe3 17. fxe3 Re8 18. Kf2 Qf6+ 19. Kg1 Be6 20. Be2 Red8
21. Qc3 Qg6 22. Rd1 Bh3 23. Rxd8+ Rxd8 24. Bf1 Rd1 25. Kf2 Rxf1+ 26. Rxf1 Qxg2+
27. Ke1 Qxf1+ 28. Kd2 Qf2+ 29. Kc1 Qg1+ 0-1

[Event "Superettan(Stockholms SS-Vasteras)"]
[Site "?"]
[Date "2016.10.15"]
[Round "2"]
[White "Eriksson, Anders"]
[Black "Ertan, Can"]
[Result "0-1"]
[WhiteElo "2271"]
[BlackElo "2359"]
[PlyCount "76"]
1. Nf3 Nf6 2. g3 b5 3. Bg2 Bb7 4. O-O e6 5. b3 b4 6. c4 bxc3 7. Nxc3 Be7 8. d4
Na6 9. Ne5 Bxg2 10. Kxg2 O-O 11. Bb2 Rc8 12. e4 c6 13. Qe2 Nb8 14. Nd3 Qb6 15.
Na4 Qb5 16. Nc3 Qb7 17. e5 Nd5 18. Ne4 Na6 19. Kg1 f5 20. exf6 Nxf6 21. Nxf6+
Bxf6 22. Nc5 Nxc5 23. dxc5 Bxb2 24. Qxb2 Rf5 25. Rac1 Rcf8 26. Rc2 h5 27. Qd4
Rd5 28. Qe3 h4 29. Rd2 h3 30. Rc1 Rff5 31. Rxd5 Rxd5 32. g4 Qb4 33. Qxh3 Rd4
34. f3 Rd2 35. Qh5 Qd4+ 36. Kh1 Kf8 37. g5 Rxa2 38. g6 Rf2 0-1

[Event "Superettan(Kamraterna-Rockaden,SthlmII)"]
[Site "?"]
[Date "2016.10.15"]
[Round "2"]
[White "Svensson, Bengt"]
[Black "Backman, Michael"]
[Result "0-1"]
[WhiteElo "2342"]
[BlackElo "2097"]
[PlyCount "72"]
1. e4 c5 2. Nf3 d6 3. d4 cxd4 4. Nxd4 Nf6 5. Nc3 a6 6. f4 Qc7 7. Bd3 g6 8. Nf3
Bg4 9. h3 Bxf3 10. Qxf3 Bg7 11. Be3 O-O 12. O-O Nc6 13. Qf2 e6 14. Bb6 Qe7 15.
Kh1 Nd7 16. Be3 f5 17. exf5 gxf5 18. Ne2 Nf6 19. c3 Kh8 20. Rad1 Rg8 21. Bc2
Rae8 22. c4 b5 23. cxb5 Nb4 24. Bb1 axb5 25. Nc3 Nh5 26. Nxb5 Nd5 27. Nd4 Bf6
28. Ne2 Bh4 29. Bd4+ e5 30. fxe5 Bxf2 31. exd6+ Bxd4 32. dxe7 Ne3 33. Nxd4 Ng3+
34. Kg1 Ngxf1 35. Rxf1 Rxg2+ 36. Kh1 Rd2 0-1

[Event "Superettan(Stockholms SS-Vasteras)"]
[Site "?"]
[Date "2016.10.15"]
[Round "2"]
[White "Lokander, Martin"]
[Black "Sjodahl, Pontus"]
[Result "1/2-1/2"]
[WhiteElo "2317"]
[BlackElo "2418"]
[PlyCount "82"]
1. d4 e6 2. c4 Nf6 3. Nc3 Bb4 4. Qc2 O-O 5. Nf3 c5 6. dxc5 Na6 7. g3 Nxc5 8.
Bg2 Nce4 9. O-O Nxc3 10. bxc3 Be7 11. e4 d6 12. e5 dxe5 13. Nxe5 Qc7 14. Qe2
Nd7 15. Bf4 Bd6 16. Rfe1 Rb8 17. Rab1 Nxe5 18. Bxe5 b6 19. Rbd1 Bxe5 20. Qxe5
Qxe5 21. Rxe5 f6 22. Rb5 Ba6 23. Rb4 Rfd8 24. Re1 Bb7 25. Bxb7 Rxb7 26. c5 Kf7
27. Reb1 Rc8 28. cxb6 axb6 29. Rxb6 Rxb6 30. Rxb6 Rxc3 31. a4 g5 32. a5 Ra3 33.
a6 h5 34. Rb7+ Kg6 35. a7 Kf5 36. Kg2 h4 37. gxh4 gxh4 38. h3 e5 39. Rh7 Kg6
40. Rxh4 Rxa7 41. Rg4+ Kf5 1/2-1/2

[Event "Superettan(Kamraterna-Rockaden,SthlmII)"]
[Site "?"]
[Date "2016.10.15"]
[Round "2"]
[White "Bator, Zbigniew"]
[Black "Aberg, Anton"]
[Result "0-1"]
[WhiteElo "2328"]
[BlackElo "2363"]
[PlyCount "68"]
1. d4 d5 2. Nf3 Nf6 3. c4 c6 4. Nc3 dxc4 5. a4 Bf5 6. e3 e6 7. Bxc4 Bb4 8. O-O
O-O 9. Qe2 Bg6 10. Ne5 Nbd7 11. Nxg6 hxg6 12. Rd1 Qa5 13. Bd2 e5 14. d5 Rad8
15. Be1 e4 16. dxc6 bxc6 17. Qc2 Ne5 18. Be2 Rfe8 19. h3 Rxd1 20. Rxd1 g5 21.
Kf1 Ng6 22. Rd4 c5 23. Rd6 Qc7 24. Nb5 Qb8 25. Bxb4 cxb4 26. Kg1 Ne5 27. Ra6
Rc8 28. Qd2 Nd3 29. Bxd3 exd3 30. g3 Ne4 31. Qxd3 Nc5 32. Qd6 Nxa6 33. Qxa6
Rc1+ 34. Kg2 Qa8+ 0-1

[Event "Superettan(Stockholms SS-Vasteras)"]
[Site "?"]
[Date "2016.10.15"]
[Round "2"]
[White "Akesson, Ralf"]
[Black "Uddenfeldt, Dan"]
[Result "1-0"]
[WhiteElo "2419"]
[BlackElo "2388"]
[PlyCount "97"]
1. d4 Nf6 2. c4 g6 3. Nc3 Bg7 4. e4 d6 5. Nf3 O-O 6. h3 e5 7. d5 Nbd7 8. Be3
Nc5 9. Nd2 a5 10. g4 Bd7 11. Be2 Ne8 12. h4 Bf6 13. g5 Be7 14. Nb3 Nxb3 15.
axb3 b6 16. Bg4 Ng7 17. Qf3 f5 18. gxf6 Rxf6 19. Qh3 Bxg4 20. Qxg4 Nh5 21. Ne2
Qc8 22. Qxc8+ Rxc8 23. Kd2 Rf7 24. Nc3 Rcf8 25. Rh2 Bf6 26. Kc2 Kg7 27. Rg1 Rg8
28. Na2 Ra8 29. b4 axb4 30. Nxb4 Bd8 31. Kd3 Bf6 32. Kd2 Rff8 33. Nc2 Ra4 34.
Kc3 Rfa8 35. Kb3 Bd8 36. Re1 R4a7 37. Na3 Kf7 38. Rhh1 Nf6 39. Bd2 Rc8 40. Nb5
Raa8 41. f4 Nd7 42. fxe5 dxe5 43. Bb4 Be7 44. h5 Bc5 45. hxg6+ Kxg6 46. Re2 Nf6
47. Bxc5 bxc5 48. Rg2+ Kf7 49. Rf2 1-0

[Event "Superettan(Kamraterna-Rockaden,SthlmII)"]
[Site "?"]
[Date "2016.10.15"]
[Round "2"]
[White "Madebrink, Lars"]
[Black "Nikolic, Vladan"]
[Result "1-0"]
[WhiteElo "2235"]
[BlackElo "2056"]
[PlyCount "45"]
[EventDate "2016.??.??"]
1. d4 Nf6 2. Nf3 g6 3. g3 Bg7 4. Bg2 O-O 5. O-O d6 6. c4 Nbd7 7. Nc3 a6 8. h3
e5 9. Be3 Rb8 10. Qd2 exd4 11. Nxd4 Re8 12. Bh6 Bh8 13. Rad1 Nc5 14. Qc2 Nfd7
15. e4 Bxd4 16. Rxd4 g5 17. Rd5 Ne6 18. f4 Nb6 19. fxg5 c6 20. Qf2 Qc7 21. Rf5
Nd8 22. Qd4 Re5 23. c5 1-0

[Event "Superettan(Stockholms SS-Vasteras)"]
[Site "?"]
[Date "2016.10.15"]
[Round "2"]
[White "Thorn, Eric"]
[Black "Kretz, Johan"]
[Result "1-0"]
[WhiteElo "2331"]
[BlackElo "2205"]
[PlyCount "129"]
1. d4 Nf6 2. c4 e6 3. Nf3 Bb4+ 4. Bd2 Qe7 5. g3 Nc6 6. Bg2 Bxd2+ 7. Nbxd2 a5 8.
O-O d6 9. Nb1 e5 10. Nc3 O-O 11. dxe5 dxe5 12. Nd5 Qd6 13. Ng5 Bf5 14. Ne3 Bg6
15. Qxd6 cxd6 16. Rfd1 Rfd8 17. c5 h6 18. Bxc6 bxc6 19. Nf3 e4 20. Nd4 dxc5 21.
Nxc6 Rxd1+ 22. Rxd1 Bh5 23. Kf1 Ra6 24. Ne7+ Kh7 25. N7d5 Ng4 26. h3 Nxe3+ 27.
Nxe3 f6 28. Rd7 Kg8 29. Rc7 Bf7 30. a3 Rb6 31. Nd1 Bb3 32. Nc3 Bc2 33. Rxc5
Rxb2 34. Ke1 a4 35. Rc4 Rb3 36. Kd2 e3+ 37. Kxc2 exf2 38. Rf4 Rxa3 39. Rxf2 Ra1
40. Rf4 Rg1 41. Rf3 Rg2 42. Re3 a3 43. Kb3 g5 44. Kxa3 h5 45. Kb4 Kg7 46. Kc5
Kg6 47. Kd6 Rh2 48. g4 Rg2 49. Re4 Rg3 50. Nd5 Rxh3 51. gxh5+ Rxh5 52. Re6 Rh1
53. Rxf6+ Kg7 54. Rf5 Kg6 55. Ne7+ Kh6 56. e4 g4 57. Rf8 Kg5 58. e5 g3 59. e6
Kg4 60. Nf5 Rd1+ 61. Ke7 Kf4 62. Nxg3+ Kxg3 63. Kf7 Rf1+ 64. Ke8 Ra1 65. e7 1-0

[Event "Superettan(Kamraterna-Rockaden,SthlmII)"]
[Site "?"]
[Date "2016.10.15"]
[Round "2"]
[White "Bryntze, Stefan"]
[Black "Borvander, Tom"]
[Result "1-0"]
[WhiteElo "2141"]
[BlackElo "2162"]
[PlyCount "97"]
1. f4 Nf6 2. Nf3 g6 3. b3 Bg7 4. Bb2 O-O 5. e3 d6 6. Be2 Bg4 7. O-O Nbd7 8. Nc3
c6 9. Ng5 Bxe2 10. Qxe2 h6 11. Nf3 Qa5 12. Kh1 Rad8 13. a4 a6 14. Rae1 e5 15.
Ba3 e4 16. Nd4 c5 17. b4 Qc7 18. bxc5 dxc5 19. Nb3 Rfe8 20. Rb1 Rb8 21. Qc4
Rbc8 22. a5 Qc6 23. Rb2 Rc7 24. Nc1 Qe6 25. Qxe6 Rxe6 26. N1e2 b5 27. axb6 Nxb6
28. f5 gxf5 29. Rxf5 Nfd7 30. Rb1 Nc4 31. Bc1 Nd6 32. Rf4 f5 33. g4 fxg4 34.
Nd5 Rc6 35. Rxg4 Kh7 36. Nef4 Re8 37. Nh5 Bf8 38. Ba3 Re5 39. Ndf4 Rg5 40. Rbg1
Nc4 41. Bc1 Rxg4 42. Rxg4 Nde5 43. Rg2 Rb6 44. Nd5 Re6 45. Nhf4 Re8 46. d3 Nd6
47. Ba3 exd3 48. cxd3 Nd7 49. Rg6 1-0

[Event "Superettan(Stockholms SS-Vasteras)"]
[Site "?"]
[Date "2016.10.15"]
[Round "2"]
[White "Landgren, Andreas"]
[Black "Lissang, Christopher"]
[Result "0-1"]
[WhiteElo "2229"]
[BlackElo "2313"]
[PlyCount "80"]
1. d4 Nf6 2. c4 e6 3. Nc3 Bb4 4. f3 d5 5. a3 Bxc3+ 6. bxc3 c5 7. cxd5 Nxd5 8.
dxc5 Qa5 9. e4 Nf6 10. Be3 O-O 11. Qb3 Nfd7 12. a4 Qc7 13. Qa3 Na6 14. Bxa6
bxa6 15. Nh3 a5 16. O-O Ba6 17. Rfd1 Ne5 18. Nf2 Rfc8 19. Qc1 Rab8 20. Rd6 Bc4
21. Bd4 Nd7 22. Qg5 f6 23. Qg3 e5 24. Be3 Kh8 25. Rad1 Nxc5 26. f4 Be2 27. fxe5
fxe5 28. Bxc5 Bxd1 29. Qxe5 Bxa4 30. h4 Rb1+ 31. Kh2 Rb5 32. Nd3 Bb3 33. g3
Rxc5 34. Nxc5 Qxc5 35. Qe7 Qf2+ 36. Kh3 Qf1+ 37. Kg4 Rf8 38. Rd8 Be6+ 39. Kh5
Qf3+ 40. g4 Qxg4# 0-1

[Event "Superettan(Kamraterna-Rockaden,SthlmII)"]
[Site "?"]
[Date "2016.10.15"]
[Round "2"]
[White "Hamark, Jesper"]
[Black "Crevatin, Leo"]
[Result "1/2-1/2"]
[WhiteElo "2288"]
[BlackElo "2026"]
[PlyCount "110"]
1. g3 d5 2. Bg2 Nf6 3. Nf3 g6 4. c4 c6 5. b3 Bg7 6. Bb2 O-O 7. O-O Bg4 8. d3
Bxf3 9. Bxf3 Re8 10. Nd2 e5 11. Bg2 a5 12. a3 Qe7 13. Rc1 d4 14. e3 dxe3 15.
fxe3 Nbd7 16. d4 exd4 17. exd4 Qe3+ 18. Rf2 h5 19. Nf1 Qe7 20. h3 Bh6 21. Rcc2
Qe1 22. Qxe1 Rxe1 23. Rce2 Re8 24. Rxe8+ Nxe8 25. Rc2 Be3+ 26. Kh2 Bg5 27. Kg1
Be3+ 28. Kh2 Bg5 29. b4 axb4 30. axb4 Nd6 31. Bc3 Rc1 32. Rxc1 Bxc1 33. b5 Nxc4
34. bxc6 bxc6 35. Bxc6 Ndb6 36. Kg2 Bb2 37. Bxb2 Nxb2 38. Kf3 Kf8 39. Ne3 N2c4
40. Nc2 Ke7 41. Nb4 Nd6 42. Be4 Nxe4 43. Kxe4 Kd6 44. Nd3 Nd7 45. h4 Nb6 46.
Kf4 Nc4 47. Kg5 Kd5 48. Nf4+ Kxd4 49. Nxg6 fxg6 50. Kxg6 Ke5 51. Kxh5 Kf6 52.
g4 Ne5 53. g5+ Kg7 54. g6 Nxg6 55. Kg5 Nxh4 1/2-1/2

[Event "Superettan(Stockholms SS-Vasteras)"]
[Site "?"]
[Date "2016.10.15"]
[Round "2"]
[White "Wiander, Michael"]
[Black "Backman, Andreas"]
[Result "1/2-1/2"]
[WhiteElo "2247"]
[BlackElo "2149"]
[PlyCount "130"]
1. e4 d5 2. d4 e6 3. Nd2 Nc6 4. c3 dxe4 5. Nxe4 Qd5 6. Qf3 e5 7. Ng5 Qxf3 8.
N1xf3 f6 9. d5 Nce7 10. Bb5+ c6 11. dxc6 bxc6 12. Bc4 fxg5 13. Nxe5 Nd5 14.
Nxc6 Nb6 15. Bb3 Bb7 16. Ne5 Bd5 17. Bxg5 Be7 18. Be3 Nf6 19. O-O Bd6 20. Rfe1
Bxb3 21. axb3 O-O 22. Bxb6 axb6 23. Rxa8 Rxa8 24. Nc4 Bc7 25. Na3 Rd8 26. Nb5
Bb8 27. Nd4 Re8 28. Ra1 Be5 29. Nf3 Bf4 30. g3 Bd6 31. Rd1 Bb8 32. Nd4 Rd8 33.
Re1 Re8 34. Rd1 Rd8 35. Re1 Re8 36. Rd1 Kf7 37. b4 h6 38. Ra1 Be5 39. Nc6 Bb8
40. Ra8 Nd7 41. b5 Ke6 42. Kg2 Kd6 43. h4 Kc5 44. Nd4 Re1 45. Ra4 Re8 46. Ra8
Re4 47. b3 Re1 48. Nc6 Bd6 49. c4 Nf6 50. Ra2 Rb1 51. Rd2 Bxg3 52. fxg3 Rxb3
53. Rc2 Ne4 54. Re2 Nxg3 55. Re7 g5 56. hxg5 hxg5 57. Re5+ Kxc4 58. Rxg5 Ne4
59. Rg4 Rxb5 60. Rxe4+ Kd5 61. Na7 Kxe4 62. Nxb5 Kd3 63. Kf3 Kc4 64. Nc7 b5 65.
Nxb5 Kxb5 1/2-1/2

[Event "Superettan(Kamraterna-Rockaden,SthlmII)"]
[Site "?"]
[Date "2016.10.15"]
[Round "2"]
[White "Bit-Narva, David"]
[Black "Nyberg, Ulf"]
[Result "1/2-1/2"]
[WhiteElo "2029"]
[BlackElo "2144"]
[PlyCount "94"]
1. e4 e5 2. Nf3 Nc6 3. Bb5 a6 4. Ba4 Nf6 5. d3 d6 6. c3 Bd7 7. O-O g6 8. h3 Bg7
9. Re1 O-O 10. Nbd2 h6 11. d4 Nh7 12. Nf1 Ng5 13. Nxg5 hxg5 14. d5 Nb8 15. Bxd7
Nxd7 16. Qg4 Bh6 17. h4 Nf6 18. Qd1 Nh7 19. h5 Kg7 20. Ne3 Nf6 21. hxg6 fxg6
22. Ng4 Nxg4 23. Qxg4 c6 24. dxc6 bxc6 25. Be3 Qe7 26. Red1 Rad8 27. Rd3 Qd7
28. Qxd7+ Rxd7 29. c4 Rb8 30. b3 Kf6 31. Rad1 Ke6 32. Bc1 a5 33. Rh3 Bf8 34.
Bxg5 a4 35. Rf3 Be7 36. Bxe7 Rxe7 37. Rg3 Rg7 38. bxa4 Rb4 39. Rgd3 Rd7 40. c5
d5 41. exd5+ Rxd5 42. a5 Rc4 43. Kf1 Rcxc5 44. Ke2 Rxa5 45. a3 Rxd3 46. Rxd3 c5
47. Rg3 Kf5 1/2-1/2

[Event "Superettan(Stockholms SS-Vasteras)"]
[Site "?"]
[Date "2016.10.15"]
[Round "2"]
[White "Orndahl, Markus"]
[Black "Couso, Luis"]
[Result "0-1"]
[WhiteElo "2167"]
[BlackElo "2290"]
[PlyCount "72"]
1. d4 d5 2. Bf4 e6 3. e3 f5 4. Bd3 Nf6 5. Nd2 Bd6 6. Ne2 O-O 7. Nf3 Nc6 8. c3
a5 9. a4 Qe7 10. Qc2 Bd7 11. h3 Ne4 12. Nd2 e5 13. dxe5 Nxe5 14. Bxe5 Bxe5 15.
O-O Rae8 16. Nf3 Bd6 17. c4 dxc4 18. Bxc4+ Kh8 19. Rfd1 f4 20. Nxf4 Bxf4 21.
exf4 Rxf4 22. Ra3 Bc6 23. Bb5 Bxb5 24. axb5 Qc5 25. Qxc5 Nxc5 26. Rxa5 Rb4 27.
Rd5 b6 28. Ra7 Rxb2 29. Rxc7 h6 30. Ne5 Rxb5 31. h4 Rb1+ 32. Kh2 Ne4 33. Nf7+
Kg8 34. Rdd7 Nf6 35. Rd6 Rf8 36. Ne5 Ne8 0-1

[Event "Superettan(Kamraterna-Rockaden,SthlmII)"]
[Site "?"]
[Date "2016.10.15"]
[Round "2"]
[White "Axelsson, Uno"]
[Black "Dadabaev, Zhanybek"]
[Result "0-1"]
[WhiteElo "2080"]
[BlackElo "1987"]
[PlyCount "96"]
1. d4 Nf6 2. c4 e6 3. Nc3 Bb4 4. e3 b6 5. Nge2 O-O 6. a3 Be7 7. Ng3 d5 8. cxd5
exd5 9. Be2 Be6 10. O-O Nbd7 11. f4 Nb8 12. Bf3 c6 13. h3 Bc8 14. Rf2 Ne8 15.
Rc2 Bh4 16. Nh1 f5 17. g3 Be7 18. Nf2 Kh8 19. Kh2 Be6 20. Nd3 Nd7 21. b3 Rc8
22. a4 Nef6 23. Rca2 c5 24. Ne2 Ne4 25. a5 c4 26. Ne5 Nxe5 27. dxe5 b5 28. Nd4
Qd7 29. Bxe4 dxe4 30. bxc4 Bxc4 31. Rg2 Bc5 32. Bb2 Bxd4 33. Bxd4 a6 34. g4 Be6
35. gxf5 Rxf5 36. Qb1 Rh5 37. Qxe4 g6 38. Rg3 Kg8 39. Qf3 Rc2+ 40. Kg1 Rxh3 41.
Rxh3 Bxh3 42. Rd1 Bg2 43. Qg3 Be4 44. Qh4 Rg2+ 45. Kf1 g5 46. Qh6 Qd5 47. Rc1
Bd3+ 48. Ke1 Re2+ 0-1

[Event "Superettan(Stockholms SS-Vasteras)"]
[Site "?"]
[Date "2016.10.15"]
[Round "2"]
[White "Bergstrom, Rolf"]
[Black "Nordebrink, Johan"]
[Result "1-0"]
[WhiteElo "2290"]
[BlackElo "2141"]
[PlyCount "49"]
1. e4 d5 2. exd5 Nf6 3. c4 e6 4. dxe6 Bxe6 5. Be2 Bc5 6. Nf3 Nc6 7. O-O Qd7 8.
d3 O-O-O 9. Nbd2 Bf5 10. Nb3 Be7 11. d4 Be4 12. d5 Qg4 13. h3 Qf5 14. Nh4 Qd7
15. dxc6 Qxc6 16. Qe1 g5 17. Nf3 Rhe8 18. Be3 b6 19. c5 Nd5 20. cxb6 axb6 21.
Nbd4 Qb7 22. Bb5 Nxe3 23. fxe3 Rg8 24. Qe2 Kb8 25. Ne5 1-0

[Event "Superettan(Horndal-Schack 08)"]
[Site "?"]
[Date "2016.10.15"]
[Round "2"]
[White "Laveryd, Peter"]
[Black "Angskog, Kent"]
[Result "1-0"]
[WhiteElo "2382"]
[BlackElo "2189"]
[PlyCount "91"]
1. b3 e5 2. Bb2 d6 3. d4 exd4 4. Qxd4 Nc6 5. Qe3+ Be6 6. Nf3 Qd7 7. Ng5 O-O-O
8. Nxe6 fxe6 9. g3 Nb4 10. Qc3 d5 11. Bg2 Nf6 12. O-O Ne4 13. Bxe4 dxe4 14. a3
Nd5 15. Qd4 e3 16. f3 Qc6 17. c4 Nb6 18. Qh4 Rd7 19. Nc3 Be7 20. Qf4 Kb8 21.
Ne4 h5 22. Bxg7 Rg8 23. Bc3 Nc8 24. Qxe3 Rg6 25. Bb4 Nd6 26. Nxd6 cxd6 27. Qd3
Rg5 28. Rad1 a5 29. Be1 d5 30. Bf2 Bxa3 31. Qd2 Re5 32. Qxa5 Qa6 33. Qxa6 bxa6
34. e4 Rb7 35. cxd5 exd5 36. Be3 Re8 37. Bf4+ Ka8 38. Rxd5 h4 39. Rd3 h3 40.
Be3 Rc8 41. Ra1 Bc5 42. Rxa6+ Kb8 43. Bxc5 Rxc5 44. Ra2 Rc1+ 45. Kf2 Rbc7 46.
g4 1-0

[Event "Superettan(Upsala-Vaxjo)"]
[Site "?"]
[Date "2016.10.15"]
[Round "2"]
[White "Thorgeirsson, Sverrir"]
[Black "Solodovnichenko, Yuri"]
[Result "1-0"]
[WhiteElo "2278"]
[BlackElo "2567"]
[PlyCount "95"]
1. d4 d6 2. e4 g6 3. Nf3 Nf6 4. Nc3 Bg7 5. Be3 O-O 6. h3 b6 7. Bc4 Nc6 8. Qd2
e6 9. Bg5 Bb7 10. O-O e5 11. dxe5 Nxe5 12. Nxe5 dxe5 13. Qe2 c6 14. Rad1 Qc7
15. Bxf6 Bxf6 16. Ba6 b5 17. Bxb7 Qxb7 18. Rd3 Be7 19. Rfd1 Bc5 20. Nb1 a5 21.
Nd2 Rae8 22. Nb3 Bb6 23. Rd7 Qc8 24. Qd2 a4 25. Na5 Re6 26. b4 Rf6 27. Rf1 Bd4
28. Rb7 Rd8 29. Qe1 Rd7 30. Rxd7 Qxd7 31. c4 c5 32. Qe2 bxc4 33. bxc5 Bxc5 34.
Nxc4 Qd4 35. Qc2 Rf4 36. Ne3 Rxe4 37. Rd1 Qb4 38. a3 Qb7 39. Qxc5 Rd4 40. Rxd4
exd4 41. Qxd4 Qb1+ 42. Kh2 Qe1 43. Qd8+ Kg7 44. Qd4+ Kg8 45. Nc4 h5 46. h4 Kh7
47. g3 Kg8 48. Kg2 1-0

[Event "Superettan(Burgsvik-Orgryte)"]
[Site "?"]
[Date "2016.10.15"]
[Round "2"]
[White "Ziegler, Ari"]
[Black "Fries-Nielsen, Niels Jorgen"]
[Result "0-1"]
[WhiteElo "2301"]
[BlackElo "2290"]
[PlyCount "134"]
[EventDate "2016.??.??"]
1. d4 b5 2. Bf4 Nf6 3. e3 Bb7 4. Nf3 b4 5. Bd3 c5 6. Nbd2 e6 7. h3 Nc6 8. O-O
d5 9. dxc5 Bxc5 10. Qe2 O-O 11. Rad1 Qe7 12. e4 h6 13. e5 Nh7 14. Rfe1 f5 15.
exf6 Qxf6 16. Bg3 Rae8 17. Nb3 Bb6 18. Bb5 Ng5 19. Nxg5 Qxg5 20. Kh2 Qf6 21. f3
Qe7 22. Bxc6 Bxc6 23. Nd4 Bd7 24. Be5 Rc8 25. f4 Rc4 26. b3 Rc3 27. Qg4 Bxd4
28. Rxd4 a5 29. Rd2 Rc6 30. Re3 Rf5 31. Rg3 g5 32. Qh5 Rxe5 33. fxe5 Kg7 34. h4
Be8 35. Qg4 Bg6 36. hxg5 hxg5 37. Qxg5 Qxg5 38. Rxg5 Kh6 39. Rg3 Bxc2 40. Rd4
Be4 41. Rd1 Rc3 42. Rf1 Rxg3 43. Kxg3 Kg5 44. Rf2 Bb1 45. Kh3 Bf5+ 46. Kh2 Kg4
47. g3 Be4 48. Rf6 Bb1 49. Rxe6 Kf5 50. Re8 Bxa2 51. Kh3 Bxb3 52. g4+ Kg6 53.
Kh4 a4 54. Rb8 a3 55. Rxb4 a2 56. Rb6+ Kf7 57. Rf6+ Ke7 58. Rf1 d4 59. g5 d3
60. g6 Ke6 61. g7 Kxe5 62. Kg5 d2 63. Kg6 Bg8 64. Rh1 Ke4 65. Kf6 Kd3 66. Ke7
Kc2 67. Kf8 Bd5 0-1

[Event "Superettan(Horndal-Schack 08)"]
[Site "?"]
[Date "2016.10.15"]
[Round "2"]
[White "Olsson, Krister"]
[Black "Rosberg, Simon"]
[Result "1/2-1/2"]
[WhiteElo "2384"]
[BlackElo "2334"]
[PlyCount "100"]
1. d4 d5 2. c4 c6 3. Nc3 dxc4 4. e3 b5 5. a4 b4 6. Ne4 Qd5 7. Ng3 Nf6 8. Be2 e6
9. e4 Qa5 10. Bxc4 Be7 11. Nf3 O-O 12. O-O Ba6 13. Bxa6 Nxa6 14. Ne5 Rac8 15.
Bg5 Qd8 16. Qd3 Nb8 17. Rfd1 c5 18. dxc5 Rxc5 19. Qe3 Qa5 20. Bxf6 Bxf6 21. Nd3
Rc2 22. e5 Be7 23. b3 Nc6 24. Rac1 Rxc1 25. Rxc1 Qd5 26. Ne2 Rd8 27. Nef4 Qd7
28. g3 Nd4 29. Nb2 Qb7 30. h4 Nf3+ 31. Kf1 Nxe5 32. Re1 Nf3 33. Rd1 Rxd1+ 34.
Nxd1 Nh2+ 35. Ke2 Ng4 36. Qd3 Ne5 37. Qe3 Qc7 38. Kd2 Bc5 39. Qe4 Nc6 40. Nd3
Qd6 41. N1b2 f5 42. Qf3 Nd4 43. Qb7 Nxb3+ 44. Kc2 Nd4+ 45. Kb1 Bb6 46. Nc4 Qd8
47. Nce5 Qc7 48. Qa8+ Qd8 49. Qb7 Qc7 50. Qa8+ Qd8 1/2-1/2

[Event "Superettan(Upsala-Vaxjo)"]
[Site "?"]
[Date "2016.10.15"]
[Round "2"]
[White "Rydstrom, Tom"]
[Black "Johansson, Jan"]
[Result "0-1"]
[WhiteElo "2307"]
[BlackElo "2363"]
[PlyCount "78"]
1. e4 d6 2. d4 Nf6 3. Nc3 e5 4. Nge2 Be7 5. h3 O-O 6. g3 exd4 7. Nxd4 d5 8. e5
Nfd7 9. Nxd5 Nxe5 10. Bg2 Bc5 11. Nb3 Bd6 12. O-O Nbc6 13. Re1 a5 14. Nd2 Bf5
15. Ne4 Bxe4 16. Bxe4 f5 17. Bg2 Ng6 18. Qh5 Qd7 19. Be3 Rae8 20. Rad1 Kh8 21.
Bd2 Rxe1+ 22. Rxe1 Nb4 23. Nxb4 axb4 24. Rd1 Qa4 25. Bxb7 Qxc2 26. Bd5 f4 27.
Bb3 Qxb2 28. g4 Ne5 29. g5 Ng6 30. Qf3 Qe5 31. Bc2 Qxg5+ 32. Kh1 Ne5 33. Qe4
Qh5 34. Qg2 f3 35. Qf1 Ng4 36. Be1 Nxf2+ 37. Qxf2 Qxh3+ 38. Kg1 Bc5 39. Qxc5
Qg2# 0-1

[Event "Superettan(Burgsvik-Orgryte)"]
[Site "?"]
[Date "2016.10.15"]
[Round "2"]
[White "Krupenski, Juri"]
[Black "Arnelind, Mikael"]
[Result "1-0"]
[WhiteElo "2423"]
[BlackElo "2204"]
[PlyCount "69"]
1. d4 Nf6 2. c4 e6 3. Nf3 b6 4. e3 Bb7 5. Bd3 Be7 6. O-O O-O 7. Nc3 d5 8. b3
dxc4 9. bxc4 c5 10. Bb2 Nc6 11. d5 Nb4 12. e4 exd5 13. exd5 Nxd3 14. Qxd3 Ne8
15. a4 Nd6 16. Rfe1 Bf6 17. Ne5 a6 18. Re3 Bc8 19. Nc6 Qd7 20. Rae1 Qf5 21. Ne4
Nxe4 22. Rxe4 Bd7 23. R1e3 Bxc6 24. Rf3 Qg6 25. Bxf6 Rfe8 26. Be7 Bxa4 27. Rg3
Qh6 28. Qc3 g6 29. h3 Bd7 30. Rh4 Qg7 31. Bf6 Qf8 32. Qd2 b5 33. Qg5 Re1+ 34.
Kh2 b4 35. Qh5 1-0